Pentatonix 'Daft Punk' Beginning Lyrics - Statistics

General Stats
  • This quiz has been taken 205 times
  • The average score is 21 of 53
Answer Stats
Hint Answer % Correct
__it buy
91%
__it break
88%
__it fix
88%
__it use
87%
__it trash
80%
__it change
77%
__it charge
68%
__it zoom
66%
__it work
65%
__it point
64%
__it snap
62%
__ - ___it mail upgrade
61%
__it press
59%
__ - __it quick erase
55%
__it load
53%
__it write
53%
__it save
50%
__iy cut
48%
__it paste
48%
__it check
47%
__it burn
45%
__ - ___ quick rewrite
45%
__it play
44%
__it plug
44%
__it rip
41%
__ - ___it zip unzip
41%
__ and __it drag drop
35%
__it lock
33%
__it fill
27%
__ - ___it jam unlock
27%
__it surf
27%
__it scroll
26%
______ technologic
26%
__it find
25%
__it name
25%
__it click
23%
__it view
22%
__it scan
21%
__it code
20%
__it touch
20%
__it call
19%
__ - ___it fax rename
19%
__it tune
18%
__ - __it switch update
17%
__it pause
16%
__it print
16%
__it send
16%
__it rate
14%
__it crack
12%
__it cross
12%
__it pay
12%
__it bring
10%
__it watch
9%
No matching quizzes found
Score Distribution
Percent of People with Each Score
Percentile by Number Answered
Your Score History
You have not taken this quiz